000 00511nam a22001697a 4500
999 _c9285
_d9285
008 210401b ||||| |||| 00| 0 eng d
040 _aBMS College of Architecture
100 _aT, K, G, Rajishwary
245 _aSchool of Visual arts Bangalore
300 _a30p.
500 _a1BM00AT039
502 _8B.Arch
_NBMS College of Architecture, Visvesvaraya Technological University
_aProject report
_d2004
650 _aSchool
650 _aVisual arts
700 _aRama Subramanyam
_eGuide
942 _2ddc
_cTHE